000 00572nam a2200193Ia 4500
005 20250508165015.0
008 008 250505s9999 xx 000 0 eng d
037 _aTextual
040 _aFEDL
_beng
_cFEDL
041 _aeng
_2eng
084 _a954, SIN
_qFEDL
100 _aSingh R P
245 0 _aIndian history in the dock: Secular jihadis versus intellectual barbarians
260 _aNew Delhi, India
_bAll - India Council for Secondary Education
300 _a192p.
365 _aINR
_b250
942 _cTEXL
_h954, SIN
999 _c1392616
_d1392616